| 000 | 00670nam a2200241 a 4500 | ||
|---|---|---|---|
| 001 | 000013342 | ||
| 003 | DO-SdBNP | ||
| 005 | 20240301141636.0 | ||
| 007 | ta | ||
| 008 | 091123s1974 dr 000 0 spa d | ||
| 040 |
_aDO-SdBNP _bspa _cBNPHU |
||
| 082 |
_axxx _bM896c _222 |
||
| 100 | 1 |
_a Moscoso Puello, F. E., _q (Francisco Eujenio) _d1885-1959 _958361 |
|
| 245 | 1 | 0 |
_aCartas a Evelina / _cF. E. Moscoso Puello. |
| 250 | _a2a ed. | ||
| 260 |
_aSanto Domingo : _bCosmos, _c1974. |
||
| 300 |
_a224 p. ; _c20 cm. |
||
| 490 | 1 | _aEspacio histórico | |
| 590 | _aInventariado, 2023 / DG | ||
| 830 | 0 |
_aEspacio histórico _930542 |
|
| 910 | _aDG | ||
| 942 |
_2ddc _cLBS1 |
||
| 999 |
_c12970 _d12970 |
||